All Monuments (Metal Band) Songs - Statistics

General Stats
  • This quiz has been taken 1 time
  • The average score is 35 of 43
Answer Stats
Hint Answer % Correct
Gnosis 97% Static
100%
------ Animus
100%
In Stasis Arch Essence
100%
The Amanuensis Atlas
100%
Phronesis A.W.O.L.
100%
Gnosis Blue Sky Thinking
100%
In Stasis Cardinal Red
100%
In Stasis Collapse
100%
-------- Deadnest
100%
Gnosis Degenerate
100%
Gnosis Denial
100%
Gnosis Doxa
100%
Gnosis Empty Vessels Make the Most Noise
100%
In Stasis False Providence
100%
The Amanuensis Garden of Sankhara
100%
The Amanuensis Horcrux
100%
The Amanuensis I, the Creator
100%
The Amanuensis I, the Destroyer
100%
The Amanuensis Jinn
100%
In Stasis Lavos
100%
Phronesis Leviathan
100%
In Stasis Makeshift Harmony
100%
--------- Nefarious
100%
In Stasis No One Will Teach You
100%
In Stasis Opiate
100%
The Amanuensis Origin of Escape
100%
The Amanuensis Quasimodo
100%
Gnosis Regenerate
100%
The Amanuensis Samsara
100%
In Stasis Somnus
100%
Phronesis Stygian Blue
100%
The Amanuensis The Alchemist
100%
In Stasis The Cimmerian
100%
Phronesis The Watch
100%
Phronesis Vanta
100%
Gnosis Admit Defeat
0%
Phronesis Celeste
0%
Phronesis Hollow King
0%
Phronesis Ivory
0%
Phronesis Jukai
0%
Phronesis Mirror Image
0%
The Amanuensis Saga City
0%
Gnosis The Uncollective
0%
No matching quizzes found
Score Distribution
Percent of People with Each Score
Percentile by Number Answered
Your Score History
You have not taken this quiz